Home Print Resources E-Books E-Journals IIMT Lecture Series Library Membership Form Book Recommendation Form Campus Tour Take AdmissionAbout Us Contact Us

A Textbook on POWER SYSTEM ENGINEERING (Record no. 56217)

000 -LEADER
fixed length control field nam a22 7a 4500
003 - CONTROL NUMBER IDENTIFIER
control field OSt
005 - DATE AND TIME OF LATEST TRANSACTION
control field 20221229161358.0
008 - FIXED-LENGTH DATA ELEMENTS--GENERAL INFORMATION
fixed length control field 221229b xxu||||| |||| 00| 0 eng d
040 ## - CATALOGING SOURCE
Transcribing agency IIMT COLLEGE OF POLYTECHNIC
100 ## - MAIN ENTRY--PERSONAL NAME
Personal name CHAKRABARTI, A.
245 ## - TITLE STATEMENT
Title A Textbook on POWER SYSTEM ENGINEERING
260 ## - PUBLICATION, DISTRIBUTION, ETC.
Place of publication, distribution, etc. DELHI
Name of publisher, distributor, etc. DHANPAT RAI & CO.
Date of publication, distribution, etc. 2022
300 ## - PHYSICAL DESCRIPTION
Extent 832
942 ## - ADDED ENTRY ELEMENTS (KOHA)
Source of classification or shelving scheme
Koha item type Book Bank
Holdings
Withdrawn status Lost status Source of classification or shelving scheme Damaged status Not for loan Home library Current library Date acquired Inventory number Total Checkouts Date last seen Price effective from Koha item type
          NOIDA College IIMT College of Polytechnice NOIDA College IIMT College of Polytechnice 12/29/2022 HO/IN/140   12/29/2022 12/29/2022 Book Bank
          NOIDA College IIMT College of Polytechnice NOIDA College IIMT College of Polytechnice 12/29/2022 HO/IN/140   12/29/2022 12/29/2022 Book Bank
          NOIDA College IIMT College of Polytechnice NOIDA College IIMT College of Polytechnice 12/29/2022 HO/IN/140   12/29/2022 12/29/2022 Book Bank
          NOIDA College IIMT College of Polytechnice NOIDA College IIMT College of Polytechnice 12/29/2022 HO/IN/140   12/29/2022 12/29/2022 Book Bank
          NOIDA College IIMT College of Polytechnice NOIDA College IIMT College of Polytechnice 12/29/2022 HO/IN/140   12/29/2022 12/29/2022 Book Bank
          NOIDA College IIMT College of Polytechnice NOIDA College IIMT College of Polytechnice 12/29/2022 HO/IN/140   12/29/2022 12/29/2022 Book Bank
          NOIDA College IIMT College of Polytechnice NOIDA College IIMT College of Polytechnice 12/29/2022 HO/IN/140   12/29/2022 12/29/2022 Book Bank
          NOIDA College IIMT College of Polytechnice NOIDA College IIMT College of Polytechnice 12/29/2022 HO/IN/140   12/29/2022 12/29/2022 Book Bank
          NOIDA College IIMT College of Polytechnice NOIDA College IIMT College of Polytechnice 12/29/2022 HO/IN/140   12/29/2022 12/29/2022 Book Bank
          NOIDA College IIMT College of Polytechnice NOIDA College IIMT College of Polytechnice 12/29/2022 HO/IN/140   12/29/2022 12/29/2022 Book Bank
IIMT, Central Library. All Rights Reserved IIMT,UNIVERSITY © 2023
Implemented and Customised by I CLOUDE EMS
You Are OPAC Visitor No
free web counter

Powered by Koha